| 000 | 01194cab a2200205 4500 | ||
|---|---|---|---|
| 001 | ##L133060 | ||
| 008 | 060406n2006 000 0 eng u | ||
| 035 | _a(Sirsi) u133060 | ||
| 041 | 0 | _aeng | |
| 100 | 1 | _aLangley, Margaret | |
| 245 | 0 | 0 | _aGetting to the root of the problem |
| 260 | _c2006 | ||
| 490 |
_aLaw Society's Gazette _v103(13) 30 March 2006, 27(1) |
||
| 520 | _aAssesses the legal implications of repairing damage caused by tree roots, with reference to the decisions in "Delaware Mansions Ltd and another v Westminster LBC and other" ([2001] UKHL 55, X118299) and "Kirk v Brent LBC" ([2005] EWCA Civ 1701, unreported). It is clear that notice of root damage from one tree to one property must be considered notice of the likelihood of damage from a neighbouring or similar tree to an adjoining property, and arguable that the notice need not be specifically given by the claimant, ie a notice given by a former owner of the freehold might be sufficient. | ||
| 590 | _aIKA110406 | ||
| 650 | 2 | 4 | _aDELAWARE MANSIONS LTD AND ANOTHER V WESTMINSTER CITY COUNCIL |
| 650 | 2 | 4 | _aKIRK AND OTHERS V BRENT LBC |
| 690 | _aBUILT ENVIRONMENT-BUILDING PATHOLOGY-SUBSIDENCE | ||
| 942 | _n0 | ||
| 999 |
_c76779 _d76779 |
||